[Event "Politiken"]
[Site "Hillerod"]
[Date "1995.??.??"]
[Round "3"]
[White "Ahlander, Bjorn"]
[Black "Brynell, Stellan"]
[Result "1/2-1/2"]
[WhiteElo "2400"]
[BlackElo "2435"]
[PlyCount "68"]
[EventDate "1995.??.??"]
[EventType "schev"]
[EventRounds "9"]
[EventCountry "DEN"]
[Source "ChessBase"]
[SourceDate "1995.07.01"]

1. d4 Nf6 2. c4 c5 3. d5 b5 4. Nf3 g6 5. cxb5 a6 6. d6 exd6 7. e4 Bb7 8. Nc3
Be7 9. Bh6 Ng4 10. Bf4 O-O 11. Bc4 axb5 12. Nxb5 Ne5 13. Nxe5 dxe5 14. Bh6 Bxe4
15. Bxf8 Bxf8 16. Bd5 Bxd5 17. Qxd5 Nc6 18. O-O Nb4 19. Qxe5 d5 20. Nc3 Bg7 21.
Qe2 c4 22. Rfd1 Nd3 23. Rxd3 cxd3 24. Qxd3 Rb8 25. Nxd5 Rxb2 26. Re1 Kh8 27. a4
h5 28. Qf3 Bd4 29. Ne3 Kg7 30. Rd1 Qf6 31. Qxf6+ Bxf6 32. g3 Ra2 33. Nd5 Rxa4
34. Nxf6 Kxf6 1/2-1/2

[Event "Politiken"]
[Site "Hillerod"]
[Date "1995.??.??"]
[Round "7"]
[White "Ahlander, Bjorn"]
[Black "Gausel, Einar"]
[Result "1/2-1/2"]
[WhiteElo "2400"]
[BlackElo "2490"]
[PlyCount "132"]
[EventDate "1995.??.??"]
[EventType "schev"]
[EventRounds "9"]
[EventCountry "DEN"]
[Source "ChessBase"]
[SourceDate "1995.07.01"]

1. d4 d5 2. c4 e6 3. Nc3 c6 4. e4 dxe4 5. Nxe4 Bb4+ 6. Bd2 Qxd4 7. Bxb4 Qxe4+
8. Be2 Nd7 9. Nf3 c5 10. Bc3 Ngf6 11. Qd6 a5 12. Nd2 Qg6 13. Bf3 Ra6 14. Qc7
O-O 15. O-O Re8 16. Rfe1 a4 17. Ne4 Nxe4 18. Bxe4 f5 19. Bf3 Qf7 20. Rad1 Qe7
21. h4 h6 22. h5 Kh7 23. Bxb7 Ra7 24. Qg3 Nf8 25. Bc6 Bd7 26. Rxd7 Rxd7 27.
Bxa4 Red8 28. Bxd7 Rxd7 29. Qe5 Kg8 30. a3 Qh4 31. Qxc5 Qxh5 32. Bb4 Rd8 33.
Qe3 Ng6 34. Qxe6+ Kh7 35. Qe2 Qg5 36. Be7 Nxe7 37. Qxe7 Rd1 38. Qe5 Qf6 39. Qe2
Rxe1+ 40. Qxe1 Qxb2 41. Qe3 Qc2 42. c5 f4 43. Qxf4 Qd1+ 44. Kh2 Qh5+ 45. Kg3
Qxc5 46. a4 h5 47. Qe4+ g6 48. f4 Qa3+ 49. Kh4 Qc5 50. Qe5 Qc2 51. Qe7+ Kg8 52.
Qg5 Kh7 53. a5 Qd3 54. Qe7+ Kh6 55. Qg5+ Kh7 56. Qe7+ Kh6 57. Qf6 Kh7 58. a6
Qd1 59. Qe7+ Kh6 60. Qg5+ Kh7 61. a7 Qe1+ 62. Kh3 Qe3+ 63. Kh2 Qxa7 64. Qe5 Qd7
65. Kg3 Qg4+ 66. Kh2 Qd7 1/2-1/2

[Event "Politiken"]
[Site "Hillerod"]
[Date "1995.??.??"]
[Round "1"]
[White "Andersen, Jackie"]
[Black "Ward, Christopher"]
[Result "1/2-1/2"]
[WhiteElo "2345"]
[BlackElo "2485"]
[PlyCount "82"]
[EventDate "1995.??.??"]
[EventType "schev"]
[EventRounds "9"]
[EventCountry "DEN"]
[Source "ChessBase"]
[SourceDate "1995.07.01"]

1. d4 Nf6 2. Nf3 e6 3. Bf4 c5 4. e3 b6 5. a4 Nc6 6. Nbd2 Be7 7. h3 O-O 8. c3
Bb7 9. Bd3 d6 10. dxc5 bxc5 11. O-O d5 12. e4 Qb6 13. Qb1 Ba6 14. exd5 Bxd3 15.
Qxd3 Nxd5 16. Bg3 Qxb2 17. Qb5 Qxb5 18. axb5 Nb8 19. c4 Nc3 20. Rfe1 Nd7 21.
Ne5 Nxe5 22. Bxe5 Bf6 23. Bxf6 gxf6 24. Re3 Rfd8 25. Rxc3 Rxd2 26. b6 a6 27.
Rb3 Rd6 28. Ra5 Rc6 29. Kh2 f5 30. Kg3 Kg7 31. Kf4 Kf6 32. g3 e5+ 33. Ke3 Ke6
34. Rb1 Kd7 35. Rd1+ Ke6 36. Rb1 h6 37. Rb2 Kd7 38. Rb1 Ke7 39. Rb2 Ke6 40. Rb1
Kd6 41. Rd1+ Ke6 1/2-1/2

[Event "Politiken"]
[Site "Hillerod"]
[Date "1995.??.??"]
[Round "5"]
[White "Andersen, Jackie"]
[Black "Danielsen, Henrik"]
[Result "0-1"]
[WhiteElo "2345"]
[BlackElo "2430"]
[PlyCount "79"]
[EventDate "1995.??.??"]
[EventType "schev"]
[EventRounds "9"]
[EventCountry "DEN"]
[Source "ChessBase"]
[SourceDate "1995.07.01"]

1. c4 Nf6 2. Nc3 e5 3. e3 d6 4. h3 g6 5. g4 Bg7 6. Bg2 c6 7. Nge2 Be6 8. b3 O-O
9. d4 exd4 10. Nxd4 d5 11. Bb2 dxc4 12. Nxe6 fxe6 13. bxc4 Na6 14. O-O Nc5 15.
Qe2 Qa5 16. Rac1 Rad8 17. Ba1 Nfd7 18. h4 Ne5 19. h5 Ned3 20. Rc2 Nb4 21. Rcc1
Nbd3 22. Rc2 Nb4 23. Rcc1 gxh5 24. gxh5 Kh8 25. f4 Nbd3 26. Rc2 Rd7 27. h6 Bf6
28. Qh5 Qd8 29. Bf3 Qe8 30. Rg2 Qxh5 31. Bxh5 a6 32. Kh2 b5 33. cxb5 cxb5 34.
e4 b4 35. e5 Bxe5 36. Ne2 Bxa1 37. Rxa1 Rf6 38. Rag1 Rd8 39. Rg5 Rxh6 40. R1g3
0-1

[Event "Politiken"]
[Site "Hillerod"]
[Date "1995.??.??"]
[Round "9"]
[White "Andersen, Jackie"]
[Black "Borge, Nikolaj"]
[Result "0-1"]
[WhiteElo "2345"]
[BlackElo "2405"]
[PlyCount "80"]
[EventDate "1995.??.??"]
[EventType "schev"]
[EventRounds "9"]
[EventCountry "DEN"]
[Source "ChessBase"]
[SourceDate "1995.07.01"]

1. d4 Nf6 2. Nf3 g6 3. c4 Bg7 4. Nc3 d6 5. Bg5 c6 6. e3 Qa5 7. Qb1 c5 8. Bh4
Bg4 9. Be2 cxd4 10. Nxd4 Bxe2 11. Ndxe2 Qb4 12. b3 Nd5 13. cxd5 Bxc3+ 14. Nxc3
Qxc3+ 15. Ke2 Qe5 16. Qc2 Nd7 17. f3 Nb6 18. Qe4 Qxe4 19. fxe4 Rc8 20. Kd3 f6
21. g4 h6 22. Bg3 O-O 23. Rac1 Rxc1 24. Rxc1 Rc8 25. Rxc8+ Nxc8 26. Be1 Nb6 27.
Bc3 Nd7 28. Bd4 a6 29. Kc4 h5 30. gxh5 g5 31. a4 Kh7 32. b4 b6 33. a5 bxa5 34.
bxa5 Kh6 35. Kd3 Kxh5 36. Ke2 Kg4 37. Bb6 Ne5 38. Kf2 Kh3 39. Kg1 Nf3+ 40. Kh1
Nxh2 0-1

[Event "Politiken"]
[Site "Hillerod"]
[Date "1995.??.??"]
[Round "7"]
[White "Andersen, Jackie"]
[Black "Brynell, Stellan"]
[Result "0-1"]
[WhiteElo "2345"]
[BlackElo "2435"]
[PlyCount "58"]
[EventDate "1995.??.??"]
[EventType "schev"]
[EventRounds "9"]
[EventCountry "DEN"]
[Source "ChessBase"]
[SourceDate "1995.07.01"]

1. c4 Nf6 2. Nc3 c5 3. g3 e6 4. Bg2 d5 5. cxd5 exd5 6. d4 cxd4 7. Qxd4 Nc6 8.
Qa4 d4 9. Ne4 Bb4+ 10. Bd2 Bxd2+ 11. Nxd2 O-O 12. Ngf3 Re8 13. O-O Rxe2 14.
Rad1 Bg4 15. Nb3 Rxb2 16. Qa3 Rc2 17. Nbxd4 Nxd4 18. Rxd4 Qc7 19. Rf4 Qc3 20.
Qe7 Re8 21. Qxb7 Rxa2 22. Ng5 Be6 23. Nxe6 fxe6 24. h4 Ra1 25. h5 h6 26. Be4
Rxf1+ 27. Kxf1 Rf8 28. Qxa7 Qc4+ 29. Kg2 Nxe4 0-1

[Event "Politiken"]
[Site "Hillerod"]
[Date "1995.??.??"]
[Round "3"]
[White "Andersen, Jackie"]
[Black "Sahl, Bjarke"]
[Result "0-1"]
[WhiteElo "2345"]
[BlackElo "2455"]
[PlyCount "104"]
[EventDate "1995.??.??"]
[EventType "schev"]
[EventRounds "9"]
[EventCountry "DEN"]
[Source "ChessBase"]
[SourceDate "1995.07.01"]

1. d4 Nf6 2. Nf3 g6 3. c4 Bg7 4. Nc3 d6 5. Bg5 Nbd7 6. e3 h6 7. Bh4 g5 8. Bg3
Nh5 9. Qc2 a6 10. Be2 c5 11. Rd1 Qa5 12. O-O Ndf6 13. dxc5 Qxc5 14. Nd4 Nxg3
15. hxg3 Bd7 16. a3 Rd8 17. Ne4 Nxe4 18. Qxe4 Bc8 19. g4 Qe5 20. Qxe5 Bxe5 21.
f4 Bf6 22. Rd2 e6 23. Bf3 Ke7 24. Kf2 Rd7 25. Rfd1 Rc7 26. b3 Rd8 27. Ne2 b5
28. cxb5 axb5 29. Rh1 Bg7 30. Rh5 Bd7 31. fxg5 hxg5 32. Rxg5 Be5 33. Rh5 Ra7
34. a4 bxa4 35. bxa4 Rxa4 36. Rh7 Bf6 37. Ng3 d5 38. Nh5 Be5 39. g3 Bc3 40. Rc2
Ra3 41. Nf4 Ba4 42. Rc1 Ra2+ 43. Kg1 Bd2 44. Rc7+ Kd6 45. Rhxf7 Bxe3+ 46. Kh1
Bc6 47. Ng2 Bb6 48. Rce7 Be8 49. Rg7 Bd4 50. g5 Bxg7 51. Rxg7 Rc8 52. g6 Rc3
0-1

[Event "Politiken"]
[Site "Hillerod"]
[Date "1995.??.??"]
[Round "8"]
[White "Borge, Nikolaj"]
[Black "Christensen, Tobias"]
[Result "1/2-1/2"]
[WhiteElo "2405"]
[BlackElo "2375"]
[PlyCount "97"]
[EventDate "1995.??.??"]
[EventType "schev"]
[EventRounds "9"]
[EventCountry "DEN"]
[Source "ChessBase"]
[SourceDate "1995.07.01"]

1. e4 c5 2. Nf3 e6 3. d3 d5 4. Nbd2 Nc6 5. g3 Nf6 6. Bg2 Be7 7. O-O O-O 8. e5
Ne8 9. c3 f5 10. exf6 Bxf6 11. Nb3 Qe7 12. d4 c4 13. Nbd2 b5 14. Re1 Nd6 15. a4
bxa4 16. Ne5 Bxe5 17. dxe5 Nf7 18. f4 Bd7 19. Rxa4 Nfd8 20. b3 Qc5+ 21. Kh1
cxb3 22. Nxb3 Qb5 23. Ra3 a5 24. Bf1 Qb7 25. Nc5 Qc7 26. Be3 Ne7 27. Nxd7 Qxd7
28. Bd3 g6 29. Qa4 Qxa4 30. Rxa4 Ndc6 31. Rb1 Rfb8 32. Raa1 Nf5 33. Bc5 Rc8 34.
Rb5 Rab8 35. Rab1 Rxb5 36. Rxb5 Kf7 37. Kg2 Rc7 38. Kf2 Nfe7 39. Ke3 Nc8 40.
Bd6 Nxd6 41. exd6 Rd7 42. Rb6 Rxd6 43. Ra6 e5 44. Bb5 Ne7 45. Rxa5 exf4+ 46.
Kxf4 Kf6 47. h4 h6 48. Ra6 Rxa6 49. Bxa6 1/2-1/2

[Event "Politiken"]
[Site "Hillerod"]
[Date "1995.??.??"]
[Round "2"]
[White "Borge, Nikolaj"]
[Black "Ostergaard, Jens"]
[Result "0-1"]
[WhiteElo "2405"]
[BlackElo "2310"]
[PlyCount "62"]
[EventDate "1995.??.??"]
[EventType "schev"]
[EventRounds "9"]
[EventCountry "DEN"]
[Source "ChessBase"]
[SourceDate "1995.07.01"]

1. e4 c6 2. d4 d5 3. e5 Bf5 4. Nc3 Qb6 5. Bd3 Bxd3 6. Qxd3 e6 7. Nge2 Nd7 8.
O-O Ne7 9. a4 c5 10. a5 Qa6 11. b4 c4 12. Qh3 b5 13. Nd1 h5 14. g4 O-O-O 15.
Ng3 g6 16. Bg5 Re8 17. Ne3 Nc6 18. c3 Bxb4 19. cxb4 Nxd4 20. f4 h4 21. Nh1 Ne2+
22. Kf2 Nc3 23. Nc2 Ne4+ 24. Kg1 Nxg5 25. fxg5 Nxe5 26. Qe3 Qd6 27. Qxa7 Re7
28. Qd4 Rd8 29. a6 Nc6 30. Qb6 Na7 31. Nd4 Qxb6 0-1

[Event "Politiken"]
[Site "Hillerod"]
[Date "1995.??.??"]
[Round "2"]
[White "Brynell, Stellan"]
[Black "Jansa, Vlastimil"]
[Result "0-1"]
[WhiteElo "2435"]
[BlackElo "2525"]
[PlyCount "164"]
[EventDate "1995.??.??"]
[EventType "schev"]
[EventRounds "9"]
[EventCountry "DEN"]
[Source "ChessBase"]
[SourceDate "1995.07.01"]

1. d4 d6 2. Nf3 Bg4 3. e4 Nf6 4. Nc3 e6 5. Be2 c6 6. O-O Be7 7. e5 dxe5 8. dxe5
Qxd1 9. Nxd1 Nd5 10. a3 Nd7 11. Re1 Bd8 12. Ne3 Nxe3 13. Bxe3 Bxf3 14. gxf3
Nxe5 15. f4 Nd7 16. f5 e5 17. Rad1 Bb6 18. Bc4 Rd8 19. Bxb6 axb6 20. f4 b5 21.
Ba2 Ke7 22. fxe5 Nc5 23. f6+ gxf6 24. exf6+ Kxf6 25. Rf1+ Kg5 26. Bxf7 Rxd1 27.
Rxd1 Rf8 28. Ba2 Rf4 29. Bg8 h5 30. Bh7 Rf7 31. Bd3 Rd7 32. Kf2 Nxd3+ 33. cxd3
Kf4 34. Ke2 Re7+ 35. Kd2 Kf3 36. Rf1+ Kg2 37. Rf4 Re5 38. h4 Kg3 39. Rb4 Rf5
40. Ke3 Re5+ 41. Kd2 Kf3 42. a4 bxa4 43. Rxa4 Rb5 44. Kc3 Rc5+ 45. Kd4 Rf5 46.
Ra7 Rb5 47. Kc3 Kg3 48. Ra4 Rc5+ 49. Kd2 Rf5 50. Rb4 Rf7 51. Ke3 Rg7 52. b3 Rf7
53. Ke2 Re7+ 54. Kd2 Kf3 55. Kc3 Ke3 56. Rd4 Re5 57. Rd7 Rc5+ 58. Kb4 b6 59.
Rd6 Rb5+ 60. Kc4 Rc5+ 61. Kb4 Rc1 62. Rh6 Kxd3 63. Rxh5 c5+ 64. Kb5 Rb1 65.
Kxb6 c4 66. Kc5 c3 67. Rd5+ Ke3 68. Re5+ Kf3 69. Rf5+ Kg3 70. Rg5+ Kh3 71. Kb6
c2 72. Rc5 c1=Q 73. Rxc1 Rxc1 74. b4 Kg4 75. b5 Kf5 76. h5 Ke6 77. h6 Kd7 78.
h7 Rh1 79. Kb7 Rxh7 80. b6 Rh8 81. Ka7 Kc6 82. b7 Kc7 0-1

[Event "Politiken"]
[Site "Hillerod"]
[Date "1995.??.??"]
[Round "4"]
[White "Brynell, Stellan"]
[Black "Nielsen, Uffe V"]
[Result "0-1"]
[WhiteElo "2435"]
[BlackElo "2370"]
[PlyCount "128"]
[EventDate "1995.??.??"]
[EventType "schev"]
[EventRounds "9"]
[EventCountry "DEN"]
[Source "ChessBase"]
[SourceDate "1995.07.01"]

1. d4 Nf6 2. c4 c5 3. d5 b5 4. cxb5 a6 5. e3 g6 6. Nc3 d6 7. Nf3 Bg7 8. a4 O-O
9. e4 axb5 10. Bxb5 Na6 11. O-O Nb4 12. Re1 Ba6 13. Bxa6 Rxa6 14. Bg5 Nd7 15.
Qe2 Nb6 16. Rad1 f6 17. Bc1 Nxa4 18. h4 Qd7 19. h5 Qg4 20. hxg6 hxg6 21. Qb5
Rfa8 22. Nh2 Qc8 23. Re3 Nc2 24. Rg3 c4 25. b3 Ra5 26. Qxc4 Rc5 27. Qxa4 Rxa4
28. Nxa4 Nd4 29. Rxd4 Rxc1+ 30. Nf1 Qa6 31. Rdd3 Kf7 32. Rgf3 Bh6 33. g3 Qa5
34. Rc3 Re1 35. Kg2 Rxe4 36. Rcd3 Re5 37. Nc3 Qb4 38. Nh2 Qxb3 39. Ng4 Rh5 40.
Ne4 Qb1 41. Nh2 Bc1 42. g4 Re5 43. Nc3 Qb4 44. Rh3 Bb2 45. Nd1 Bd4 46. Rb3 Qc5
47. Rh7+ Kg8 48. Rbh3 Qxd5+ 49. Nf3 Rh5 50. R7xh5 gxh5 51. gxh5 Kh7 52. h6 e5
53. Rh4 Qb7 54. Kg3 Qb3 55. Ne3 Bxe3 56. fxe3 Qxe3 57. Kg2 e4 58. Nh2 f5 59.
Rh3 Qd2+ 60. Kg3 f4+ 61. Kg4 Qg2+ 62. Kh4 Kxh6 63. Ng4+ Kg6 64. Ra3 Qh1+ 0-1

[Event "Politiken"]
[Site "Hillerod"]
[Date "1995.??.??"]
[Round "5"]
[White "Christensen, Tobias"]
[Black "Hansen, Sune Berg"]
[Result "1/2-1/2"]
[WhiteElo "2375"]
[BlackElo "2460"]
[PlyCount "102"]
[EventDate "1995.??.??"]
[EventType "schev"]
[EventRounds "9"]
[EventCountry "DEN"]
[Source "ChessBase"]
[SourceDate "1995.07.01"]

1. d4 d5 2. c4 e6 3. Nc3 Nf6 4. Bg5 Be7 5. e3 h6 6. Bh4 O-O 7. Qc2 c5 8. dxc5
dxc4 9. Bxc4 Qa5 10. O-O-O Qxc5 11. Bxf6 Bxf6 12. Ne4 Qe7 13. Nf3 Bd7 14. Nxf6+
Qxf6 15. Kb1 Rc8 16. Qd3 Bc6 17. Nd4 Bxg2 18. Rhg1 Nc6 19. Bxe6 fxe6 20. Rxg2
Nxd4 21. Qxd4 Qxd4 22. Rxd4 Rc7 23. Rg1 Rac8 24. Rgd1 Kf7 25. b3 Kf6 26. Rf4+
Ke7 27. Rg4 Kf6 28. Rf4+ Ke5 29. Rd2 g5 30. Rf3 h5 31. Rh3 h4 32. f4+ Kf5 33.
Rg2 gxf4 34. exf4 Rh8 35. Rf3 Rd8 36. Rff2 Rd5 37. Re2 b5 38. Rg8 Kxf4 39. Rf8+
Rf5 40. Rh8 Kg4 41. Rg8+ Kf3 42. Rxe6 Rd7 43. Rc6 Rd2 44. Rc2 Rxc2 45. Kxc2 Ke3
46. Kc3 a5 47. a4 bxa4 48. bxa4 Rf4 49. Kb3 Kf3 50. Rg5 Rb4+ 51. Ka3 Rg4
1/2-1/2

[Event "Politiken"]
[Site "Hillerod"]
[Date "1995.??.??"]
[Round "7"]
[White "Christensen, Tobias"]
[Black "Emms, John M"]
[Result "1/2-1/2"]
[WhiteElo "2375"]
[BlackElo "2500"]
[PlyCount "40"]
[EventDate "1995.??.??"]
[EventType "schev"]
[EventRounds "9"]
[EventCountry "DEN"]
[Source "ChessBase"]
[SourceDate "1995.07.01"]

1. d4 Nf6 2. Nf3 e6 3. g3 c5 4. Bg2 cxd4 5. Nxd4 Qb6 6. O-O Nc6 7. Nxc6 bxc6 8.
c4 Be7 9. e4 d6 10. b3 Qc7 11. Ba3 Rb8 12. Nc3 a6 13. Qe2 c5 14. Rad1 O-O 15.
Rd2 Nd7 16. Rfd1 Bb7 17. Bb2 Ne5 18. Na4 Rfd8 19. f4 Nc6 20. e5 dxe5 1/2-1/2

[Event "Politiken"]
[Site "Hillerod"]
[Date "1995.??.??"]
[Round "3"]
[White "Christensen, Tobias"]
[Black "Schandorff, Lars"]
[Result "1/2-1/2"]
[WhiteElo "2375"]
[BlackElo "2450"]
[PlyCount "43"]
[EventDate "1995.??.??"]
[EventType "schev"]
[EventRounds "9"]
[EventCountry "DEN"]
[Source "ChessBase"]
[SourceDate "1995.07.01"]

1. c4 e6 2. e4 c5 3. Nf3 Nc6 4. Nc3 Nf6 5. d3 a6 6. Be2 Qc7 7. Be3 Ng4 8. Bd2
Bd6 9. h3 Nge5 10. O-O Nxf3+ 11. Bxf3 Ne5 12. Be3 O-O 13. Bh5 f5 14. exf5 Rxf5
15. Bg4 Rf8 16. f4 Nc6 17. f5 Ne7 18. fxe6 Rxf1+ 19. Qxf1 dxe6 20. Ne4 Nf5 21.
Bxf5 exf5 22. Nxd6 1/2-1/2

[Event "Politiken"]
[Site "Hillerod"]
[Date "1995.??.??"]
[Round "1"]
[White "Christensen, Tobias"]
[Black "Gausel, Einar"]
[Result "0-1"]
[WhiteElo "2375"]
[BlackElo "2490"]
[PlyCount "73"]
[EventDate "1995.??.??"]
[EventType "schev"]
[EventRounds "9"]
[EventCountry "DEN"]
[Source "ChessBase"]
[SourceDate "1995.07.01"]

1. d4 Nf6 2. g3 d5 3. Bg2 Bf5 4. Nf3 e6 5. O-O Be7 6. c4 c6 7. Nc3 Nbd7 8. b3
Ne4 9. Bb2 Qa5 10. Qc1 O-O 11. Nd2 Nxd2 12. Qxd2 Nf6 13. Rfd1 Qa6 14. Rac1 b5
15. c5 b4 16. Na4 Rab8 17. f3 h6 18. Re1 Nd7 19. Bf1 Qc8 20. e3 Qc7 21. Qe2 e5
22. e4 Be6 23. dxe5 dxe4 24. Qxe4 Rfd8 25. f4 Bd5 26. Qe3 Nf8 27. Red1 Qc8 28.
Bg2 Qe6 29. Be4 Bxe4 30. Qxe4 Qg4 31. Rd3 Rxd3 32. Qxd3 Rd8 33. Qe3 Ne6 34. Kg2
g5 35. f5 Nf4+ 36. Kf2 Rd3 37. gxf4 0-1

[Event "Politiken"]
[Site "Hillerod"]
[Date "1995.??.??"]
[Round "4"]
[White "Danielsen, Henrik"]
[Black "Christensen, Tobias"]
[Result "1/2-1/2"]
[WhiteElo "2430"]
[BlackElo "2375"]
[PlyCount "113"]
[EventDate "1995.??.??"]
[EventType "schev"]
[EventRounds "9"]
[EventCountry "DEN"]
[Source "ChessBase"]
[SourceDate "1995.07.01"]

1. c4 g6 2. g3 Bg7 3. Bg2 d6 4. Nc3 Nf6 5. Nf3 O-O 6. O-O c6 7. d4 Nbd7 8. h3
e5 9. e4 Re8 10. b3 exd4 11. Nxd4 Nc5 12. Re1 d5 13. exd5 Rxe1+ 14. Qxe1 cxd5
15. cxd5 Nxd5 16. Nxd5 Bxd4 17. Be3 Nd3 18. Qf1 Bg7 19. Rd1 Nb2 20. Rc1 Bxh3
21. Bxh3 Qxd5 22. Rc7 Nd1 23. Bg2 Nxe3 24. Bxd5 Nxf1 25. Bxf7+ Kh8 26. Kxf1 b5
27. Bd5 Rd8 28. Bc6 Rf8 29. Ke2 Bd4 30. f4 Bb6 31. Re7 b4 32. Be4 Rc8 33. g4
Rc7 34. Re8+ Kg7 35. g5 Rd7 36. Bd3 Bd8 37. Kd2 Kf7 38. Re4 Be7 39. Ke2 Bc5 40.
Rc4 Re7+ 41. Be4 Rc7 42. Kf3 Kg7 43. Bd3 h6 44. gxh6+ Kxh6 45. Rc2 Bb6 46. Rh2+
Kg7 47. Rg2 Rc3 48. Rxg6+ Kf7 49. Rd6 Ke7 50. Rd5 Rc5 51. Rd4 Re5 52. fxe5 Bxd4
53. Ke4 Bf2 54. Kd5 Be1 55. Bc4 Bd2 56. Kc5 Bc3 57. e6 1/2-1/2

[Event "Politiken"]
[Site "Hillerod"]
[Date "1995.??.??"]
[Round "2"]
[White "Danielsen, Henrik"]
[Black "Nielsen, Uffe V"]
[Result "1-0"]
[WhiteElo "2430"]
[BlackElo "2370"]
[PlyCount "189"]
[EventDate "1995.??.??"]
[EventType "schev"]
[EventRounds "9"]
[EventCountry "DEN"]
[Source "ChessBase"]
[SourceDate "1995.07.01"]

1. Nf3 c5 2. c4 Nc6 3. g3 e5 4. Nc3 g6 5. Bg2 Bg7 6. d3 Nge7 7. Nd2 O-O 8. Nf1
Nf5 9. h4 h5 10. a3 d6 11. Rb1 a5 12. Nd2 Nfd4 13. Nde4 Ra6 14. e3 Ne6 15. Nd5
f5 16. Nec3 Ne7 17. Bd2 Kh8 18. O-O Nxd5 19. Nxd5 Bd7 20. b4 axb4 21. axb4 b5
22. bxc5 bxc4 23. Nb4 Ba4 24. Qc1 Ra7 25. Qxc4 Nxc5 26. d4 exd4 27. exd4 Ne4
28. Bxe4 fxe4 29. d5 Rc7 30. Qxe4 Qe8 31. Rfe1 Qxe4 32. Rxe4 Be5 33. Rc1 Rxc1+
34. Bxc1 Bd1 35. Bd2 Bf3 36. Re3 Bg4 37. Nc6 Bf6 38. Bb4 Ra8 39. Bxd6 Ra1+ 40.
Kg2 Rd1 41. Nb4 Bf5 42. Be5 Bxe5 43. Rxe5 Rd4 44. Nc6 Rxd5 45. Rxd5 Be4+ 46.
Kf1 Bxd5 47. Ne5 Kg7 48. Ke2 Kf6 49. Nf3 Bb7 50. Ke3 Kf5 51. Nd4+ Ke5 52. Nf3+
Kf5 53. Ng5 Bd5 54. Kd4 Bb3 55. Ne4 Bc2 56. f3 Bd1 57. Nd6+ Ke6 58. Ne4 Kf5 59.
Ng5 Bb3 60. Ke3 Ke5 61. Ne4 Bd5 62. Nc3 Bc4 63. Ne2 Bd5 64. Nd4 Bb7 65. Kd3
Ba6+ 66. Ke3 Bb7 67. f4+ Kd5 68. f5 gxf5 69. Nxf5 Ke5 70. Ng7 Bc8 71. Nxh5 Bg4
72. Nf4 Kf5 73. Nd3 Bd1 74. Nf2 Bh5 75. Kd4 Bf3 76. Kd3 Bh5 77. Ke3 Bg6 78. g4+
Ke5 79. Nd3+ Kf6 80. Kd4 Bf7 81. Ne5 Bb3 82. Ke4 Bc2+ 83. Kf4 Bd1 84. h5 Kg7
85. Kg5 Be2 86. h6+ Kh7 87. Nd7 Bd3 88. Nf6+ Kh8 89. Kf4 Bg6 90. Ke5 Bf7 91. g5
Bg6 92. Nd7 Bd3 93. Kf6 Bc4 94. g6 Bb3 95. Kg5 1-0

[Event "Politiken"]
[Site "Hillerod"]
[Date "1995.??.??"]
[Round "6"]
[White "Danielsen, Henrik"]
[Black "Karlsson, Lars"]
[Result "1-0"]
[WhiteElo "2430"]
[BlackElo "2515"]
[PlyCount "69"]
[EventDate "1995.??.??"]
[EventType "schev"]
[EventRounds "9"]
[EventCountry "DEN"]
[Source "ChessBase"]
[SourceDate "1995.07.01"]

1. d4 e6 2. Nf3 f5 3. g3 Nf6 4. Bg2 d5 5. O-O Bd6 6. c4 O-O 7. Nc3 c6 8. Qc2
Ne4 9. Rb1 a5 10. a3 Nxc3 11. Qxc3 b5 12. cxb5 cxb5 13. Bf4 b4 14. Qe3 Bxf4 15.
gxf4 Qb6 16. Rfc1 Bd7 17. Ne5 Bb5 18. Rc2 Na6 19. Rbc1 Qd6 20. Bf3 Ba4 21. b3
Bd7 22. axb4 Nxb4 23. Rc7 Rfd8 24. Bh5 g6 25. Bxg6 hxg6 26. Qg3 Be8 27. Nxg6
Rd7 28. Ne5+ Kf8 29. Rxd7 Bxd7 30. Qh4 Na2 31. Rc2 Be8 32. Rxa2 Qd8 33. Qh6+
Ke7 34. Rc2 Kd6 35. Qf8+ 1-0

[Event "Politiken"]
[Site "Hillerod"]
[Date "1995.??.??"]
[Round "8"]
[White "Danielsen, Henrik"]
[Black "Olesen, Martin"]
[Result "1/2-1/2"]
[WhiteElo "2430"]
[BlackElo "2340"]
[PlyCount "91"]
[EventDate "1995.??.??"]
[EventType "schev"]
[EventRounds "9"]
[EventCountry "DEN"]
[Source "ChessBase"]
[SourceDate "1995.07.01"]

1. d4 d5 2. c4 e6 3. Nc3 Nf6 4. Bg5 Be7 5. e3 O-O 6. Nf3 h6 7. Bh4 Ne4 8. Bxe7
Qxe7 9. Rc1 Nxc3 10. Rxc3 c6 11. Bd3 Nd7 12. O-O dxc4 13. Bxc4 b6 14. Qd3 Rd8
15. Rfc1 Bb7 16. Bb3 c5 17. Qe2 Rac8 18. Ba4 cxd4 19. Rxc8 Rxc8 20. Rxc8+ Bxc8
21. Nxd4 Nc5 22. Bc2 e5 23. Nc6 Qc7 24. Qd2 Bd7 25. Nb4 Be6 26. a3 a5 27. Nd3
Qd6 28. Qc3 Nxd3 29. Bxd3 Qc5 30. Qxc5 bxc5 31. Kf1 c4 32. Be2 Kf8 33. Ke1 Ke7
34. Kd2 Kd6 35. Kc3 Kc5 36. g3 f6 37. Bh5 Bd5 38. Bg6 Bf3 39. h4 Bd5 40. f4 Bf3
41. Bf7 Bd5 42. Bg6 Bf3 43. Bf7 Bd5 44. Bh5 exf4 45. exf4 g5 46. hxg5 1/2-1/2

[Event "Politiken"]
[Site "Hillerod"]
[Date "1995.??.??"]
[Round "2"]
[White "Emms, John M"]
[Black "Olesen, Martin"]
[Result "1-0"]
[WhiteElo "2500"]
[BlackElo "2340"]
[PlyCount "69"]
[EventDate "1995.??.??"]
[EventType "schev"]
[EventRounds "9"]
[EventCountry "DEN"]
[Source "ChessBase"]
[SourceDate "1995.07.01"]

1. e4 e5 2. Bc4 Nf6 3. d3 Bc5 4. Nc3 d6 5. f4 a6 6. Nf3 Nc6 7. f5 h6 8. a3 Qe7
9. Nd5 Nxd5 10. Bxd5 Bd7 11. c3 O-O-O 12. Qe2 g6 13. b4 Bb6 14. fxg6 fxg6 15.
Be3 Bxe3 16. Qxe3 Nb8 17. O-O Rdf8 18. a4 c6 19. Bc4 Rf4 20. b5 Be6 21. bxa6
Nxa6 22. Bxa6 bxa6 23. Rab1 Qc7 24. Rb6 c5 25. Rfb1 Rhf8 26. Rxa6 R8f6 27. a5
Kd8 28. Rab6 Bc8 29. Nd2 Qf7 30. c4 Qa7 31. Nb3 Qf7 32. Nd2 Qa7 33. Ra1 g5 34.
g3 Rf2 35. Rxd6+ 1-0

[Event "Politiken"]
[Site "Hillerod"]
[Date "1995.??.??"]
[Round "4"]
[White "Emms, John M"]
[Black "Ahlander, Bjorn"]
[Result "1-0"]
[WhiteElo "2500"]
[BlackElo "2400"]
[PlyCount "59"]
[EventDate "1995.??.??"]
[EventType "schev"]
[EventRounds "9"]
[EventCountry "DEN"]
[Source "ChessBase"]
[SourceDate "1995.07.01"]

1. e4 c5 2. Nf3 e6 3. c3 d5 4. exd5 Qxd5 5. d4 Nc6 6. Be3 cxd4 7. cxd4 Nf6 8.
Nc3 Qd6 9. a3 Be7 10. Bd3 O-O 11. O-O b6 12. Qe2 Bb7 13. Rad1 a6 14. Rfe1 Rfe8
15. Bg5 h6 16. Bxf6 Bxf6 17. Ne4 Qf4 18. g3 Qc7 19. Nxf6+ gxf6 20. Qd2 Ne7 21.
Qxh6 f5 22. Ng5 Ng6 23. Qh7+ Kf8 24. Nxe6+ Rxe6 25. Rxe6 Ne7 26. Qh6+ Ke8 27.
Qh8+ Kd7 28. Rxe7+ Kxe7 29. Re1+ Be4 30. Qxa8 1-0

[Event "Politiken"]
[Site "Hillerod"]
[Date "1995.??.??"]
[Round "8"]
[White "Emms, John M"]
[Black "Andersen, Jackie"]
[Result "1-0"]
[WhiteElo "2500"]
[BlackElo "2345"]
[PlyCount "75"]
[EventDate "1995.??.??"]
[EventType "schev"]
[EventRounds "9"]
[EventCountry "DEN"]
[Source "ChessBase"]
[SourceDate "1995.07.01"]

1. e4 g6 2. d4 Nf6 3. Nc3 c5 4. Nf3 cxd4 5. Nxd4 d6 6. Bc4 Bg7 7. h3 O-O 8. Bb3
Nbd7 9. O-O a6 10. Re1 e5 11. Nf3 Nc5 12. Bg5 Ne6 13. Bxe6 fxe6 14. Qd2 Qc7 15.
Rad1 Ne8 16. Nh2 b5 17. Nd5 Qb7 18. Ne7+ Kh8 19. Nxc8 Rxc8 20. c3 Rf7 21. Ng4
a5 22. Qd3 Qc6 23. a3 Qc4 24. Qd2 Qa4 25. Qe2 Qc4 26. Qe3 Rb7 27. Bh6 Qc7 28.
Rd3 b4 29. cxb4 axb4 30. axb4 Rxb4 31. Rc3 Qb8 32. Bxg7+ Nxg7 33. Qh6 Nh5 34.
Rd3 Rb7 35. Red1 Rb6 36. Nxe5 Rxb2 37. Nxg6+ Kg8 38. Ne7+ 1-0